| 000 | 00459nam a22001337a 4500 | ||
|---|---|---|---|
| 020 | _a9787508534190 | ||
| 082 |
_a709.34 _bKHA |
||
| 100 | _aKhan, Mohammad Waliullah | ||
| 245 |
_aGandhara (Buddhist civilization from Pakistan) Chinese Edition / _cMohammad Waliullah Khan |
||
| 260 |
_aChina : _bRidge House International, _c2020. |
||
| 300 |
_a416 p. ; _c24 cm. |
||
| 880 |
_6245-02\r _a犍陀罗(来自巴基斯坦的佛教文明) / |
||
| 942 |
_2ddc _cBK |
||
| 999 |
_c591846 _d591846 |
||